书目信息 |
| 题名: |
有机光伏材料的模拟、计算与设计
|
|
| 作者: | 郑绍辉 著 | |
| 分册: | ||
| 出版信息: | 北京 冶金工业出版社 2019 |
|
| 页数: | 162页 | |
| 开本: | 24cm | |
| 丛书名: | ||
| 单 册: | ||
| 中图分类: | TB322 | |
| 科图分类: | ||
| 主题词: | 光生伏打效应--有机材料 | |
| 电子资源: | ||
| ISBN: | 978-7-5024-8285-5 | |
| 000 | 00993nam0 2200217 450 | |
| 001 | 2240444730 | |
| 005 | 20221008111422.89 | |
| 010 | @a978-7-5024-8285-5@dCNY48.00 | |
| 100 | @a20191206d2019 em y0chiy50 ea | |
| 101 | 0 | @achi |
| 102 | @aCN@b110000 | |
| 105 | @aa z 001yy | |
| 200 | 1 | @a有机光伏材料的模拟、计算与设计@9you ji guang fu cai liao de mo ni、ji suan yu she ji@f郑绍辉著 |
| 210 | @a北京@c冶金工业出版社@d2019 | |
| 215 | @a162页@c图@d24cm | |
| 330 | @a本书系统讲述了计算和预测有机光伏材料关键参数的理论和方法。主要内容包含量子力学基础理论即波函数和密度泛函理论,有机光伏的发展简史,有机分子建模和结构优化,计算其分子前线轨道和能隙、给体受体开路电压,电子吸收光谱计算与模拟,介电常数和激子结合能的预测,运用Marcus理论计算电子跃迁速率和电荷复合速率及电子和空穴迁移率。基本涵盖了有机光伏材料的所有关键参数和性能预测。 | |
| 606 | 0 | @a光生伏打效应@x有机材料 |
| 690 | @aTB322@v5 | |
| 701 | 0 | @a郑绍辉@9zheng shao hui@4著 |
| 801 | 0 | @aCN@b91MARC@c20191210 |
| 905 | @aZUCC@dTB322@e1 | |
| 有机光伏材料的模拟、计算与设计/郑绍辉著.-北京:冶金工业出版社,2019 |
| 162页:图;24cm |
| ISBN 978-7-5024-8285-5:CNY48.00 |
| 本书系统讲述了计算和预测有机光伏材料关键参数的理论和方法。主要内容包含量子力学基础理论即波函数和密度泛函理论,有机光伏的发展简史,有机分子建模和结构优化,计算其分子前线轨道和能隙、给体受体开路电压,电子吸收光谱计算与模拟,介电常数和激子结合能的预测,运用Marcus理论计算电子跃迁速率和电荷复合速率及电子和空穴迁移率。基本涵盖了有机光伏材料的所有关键参数和性能预测。 |
| ● |
| 相关链接 |
|
|
|
正题名:有机光伏材料的模拟、计算与设计
索取号:TB322/1
 
预约/预借
| 序号 | 登录号 | 条形码 | 馆藏地/架位号 | 状态 | 备注 |
| 1 | 2000912734 | 2000912734 | 第三书库/ [索取号:TB322/1] | 在馆 | |
| 2 | 2000912735 | 2000912735 | 第三书库/ [索取号:TB322/1] | 在馆 | |
| 3 | 2000912736 | 2000912736 | 第三书库/ [索取号:TB322/1] | 在馆 |